| 000 | 00723nam a2200265 i 4500 | ||
|---|---|---|---|
| 001 | 16635 | ||
| 003 | ES-MaACL | ||
| 005 | 20250718062531.0 | ||
| 007 | t| | ||
| 008 | 001020s1999 sp ||||0| spa j | ||
| 020 | _a84-7432-688-5 | ||
| 040 |
_aM-BN _bspa _cM-BN |
||
| 080 | _a17 | ||
| 100 |
_aTugendhat, Ernst, _d1930- _9235667 |
||
| 245 | 1 | 0 |
_aDiálogo en Leticia / _cpor Ernst Tugendhat. |
| 250 | _a1ª ed. | ||
| 260 |
_aBarcelona : _bGedisa, _c1999. |
||
| 300 |
_a141 p. ; _c23 cm. |
||
| 490 | 1 | _aFilosofía. Serie CLA-DE-MA | |
| 650 | 1 | 7 |
_aÉtica _2embne _912577 |
| 830 | 0 |
_aFilosofía. Serie CLA-DE-MA _9228661 |
|
| 852 |
_aES-MaACL _jL-23650 _bR.128535 |
||
| 999 |
_c16635 _d16635 |
||